Welcome to the Holygrace Academy Library

Please use search bar below to get started

ENTE JEEVITHA KATHA (Record no. 8532)

MARC details
000 -LEADER
fixed length control field 00321nam a22001337a 4500
020 ## - INTERNATIONAL STANDARD BOOK NUMBER
ISBN 978-81-7229-250-8
082 ## - DEWEY DECIMAL CLASSIFICATION NUMBER
Classification number 920
Item number MAH/E
100 ## - MAIN ENTRY--AUTHOR NAME
Personal name MAHATHMA GANDHI
245 ## - TITLE STATEMENT
Title ENTE JEEVITHA KATHA
246 ## - VARYING FORM OF TITLE
Title proper/short title ENTE JEEVITHA KATHA
Remainder of title ENTE JEEVITHA KATHA
260 ## - PUBLICATION, DISTRIBUTION, ETC. (IMPRINT)
Place of publication AHMEDABAD
Name of publisher NAVAJIVAN
Year of publication 2012
300 ## - PHYSICAL DESCRIPTION
Number of Pages 114
942 ## - ADDED ENTRY ELEMENTS (KOHA)
Koha item type Books
Holdings
Withdrawn status Lost status Collection code Home library Current library Shelving location Date acquired Source of acquisition Cost, normal purchase price Full call number Accession Number Koha item type
    Non-fiction Main Library Main Library SHELF-16L- MALAYALAM BIOGRAPHY,STUDIES/CRITICISM 28/03/2015 PURCHASED 15.00 920 MAH/E 03917 Books